[Event "Waikato Open 2017"]
[Site "Hamilton NZL"]
[Date "2017.08.11"]
[Round "1"]
[White "Gibbons, Robert E"]
[Black "Hague, Ben"]
[Result "0-1"]
[WhiteElo "1950"]
[BlackElo "2326"]
[PlyCount "50"]
[EventDate "2017.08.11"]

1. d4 Nf6 2. c4 e6 3. Nf3 d5 4. Nc3 Bb4 5. Qb3 c5 6. dxc5 Nc6 7. Bd2 O-O 8. e3
Bxc5 9. Be2 b6 10. cxd5 exd5 11. O-O Be6 12. Qa4 Rc8 13. Nd4 Nxd4 14. exd4 Bd6
15. Ba6 Rc7 16. Nb5 Rc4 17. Qb3 Bb8 18. Bg5 Bxh2+ 19. Kh1 Bb8 20. f4 Bf5 21.
Rac1 Rxc1 22. Rxc1 h6 23. Bxf6 Qxf6 24. Qg3 Be4 25. Nc3 Bxf4 0-1

[Event "Waikato Open 2017"]
[Site "Hamilton NZL"]
[Date "2017.08.11"]
[Round "1"]
[White "Smith, Robert W"]
[Black "Marko, Helmut S"]
[Result "1/2-1/2"]
[WhiteElo "2255"]
[BlackElo "1935"]
[PlyCount "120"]
[EventDate "2017.08.11"]

1. Nf3 d5 2. g3 Nf6 3. Bg2 c5 4. O-O Nc6 5. d3 e6 6. Nbd2 Be7 7. e4 O-O 8. Re1
dxe4 9. dxe4 e5 10. c3 h6 11. Qe2 Be6 12. Nc4 Qc7 13. a4 b6 14. Nh4 Rfe8 15.
Nf5 Bf8 16. Nfe3 Rad8 17. Bd2 Qc8 18. f3 Qa6 19. Bf1 Qc8 20. Red1 Rd7 21. Be1
Red8 22. Rxd7 Rxd7 23. Qc2 Ne8 24. Na3 Nd6 25. Nec4 Rd8 26. Rd1 Be7 27. Bf2
Nxc4 28. Nxc4 Rxd1 29. Qxd1 Qd7 30. Qc2 Bd8 31. h4 h5 32. Qd3 Bc7 33. Be3 Qxd3
34. Bxd3 f6 35. Kf2 Kf7 36. Be2 g6 37. g4 Ke7 38. Ke1 Bd7 39. a5 Be6 40. axb6
axb6 41. Kd2 Kd7 42. Kc2 Ke7 43. Bd2 Bf7 44. Ne3 Bd8 45. gxh5 gxh5 46. Nf5+ Kf8
47. Be1 Ne7 48. Nxe7 Kxe7 49. b4 c4 50. b5 Kd6 51. Bf2 Kc7 52. Bg3 Be7 53. f4
exf4 54. Bxf4+ Bd6 55. Bxd6+ Kxd6 56. Kd2 Kc5 57. Ke3 Bg6 58. Bf3 Bf7 59. Be2
Bg6 60. Bf3 Bf7 1/2-1/2

[Event "Waikato Open 2017"]
[Site "Hamilton NZL"]
[Date "2017.08.11"]
[Round "1"]
[White "Bennett, Hilton P"]
[Black "Spain, Graeme A"]
[Result "1/2-1/2"]
[WhiteElo "1900"]
[BlackElo "2217"]
[PlyCount "112"]
[EventDate "2017.08.11"]

1. g3 d5 2. Bg2 c6 3. d3 Nf6 4. Nf3 Bg4 5. Nbd2 Nbd7 6. h3 Bxf3 7. Nxf3 e6 8.
O-O Bd6 9. a4 a5 10. Re1 O-O 11. e4 dxe4 12. dxe4 Bc5 13. c3 Qb6 14. Qc2 Rfe8
15. e5 Nd5 16. Ng5 Nf8 17. h4 Be7 18. Nf3 Rad8 19. Bg5 Bxg5 20. Nxg5 f5 21.
exf6 Nxf6 22. Re2 h6 23. Nf3 Qa6 24. Rae1 b5 25. Nd4 Rd6 26. Qb3 bxa4 27. Qxa4
c5 28. Nb3 Rd1 29. c4 Rxe1+ 30. Rxe1 Qb6 31. Nxa5 Qxb2 32. Nb7 Rc8 33. Qd1 Rc7
34. Qb1 Qd4 35. Qb6 Ng4 36. Rf1 Rf7 37. Qxc5 Qxc5 38. Nxc5 Rc7 39. Nd3 Rxc4 40.
Nf4 Kf7 41. Bh3 Ne5 42. Bg2 g5 43. hxg5 hxg5 44. Ne2 g4 45. Rc1 Rb4 46. Nf4 Rb2
47. Be4 Nfd7 48. Nd3 Nxd3 49. Bxd3 Ne5 50. Be4 Kf6 51. Kg2 Re2 52. Bb7 Rxf2+
53. Kxf2 Nd3+ 54. Ke3 Nxc1 55. Kf4 Ne2+ 56. Kxg4 Nxg3 1/2-1/2

[Event "Waikato Open 2017"]
[Site "Hamilton NZL"]
[Date "2017.08.11"]
[Round "1"]
[White "Steadman, Michael V R"]
[Black "Dare, Richard J"]
[Result "1-0"]
[WhiteElo "2194"]
[BlackElo "1890"]
[PlyCount "147"]
[EventDate "2017.08.11"]

1. b4 d6 2. Bb2 Nd7 3. c4 e6 4. Nf3 c6 5. e3 Ngf6 6. Qb3 g6 7. h4 h5 8. d4 d5
9. Nbd2 Bh6 10. Bd3 O-O 11. a4 Ng4 12. e4 Qf6 13. e5 Bxd2+ 14. Kxd2 Qg7 15.
Rhf1 dxc4 16. Bxc4 Nb6 17. Ng5 Nd5 18. Rae1 Rd8 19. Re4 b5 20. Be2 Nh6 21. a5
Bb7 22. g4 hxg4 23. Bxg4 Nxg4 24. Rxg4 Ne7 25. Kc2 a6 26. Rfg1 c5 27. bxc5 Bd5
28. Qg3 Nf5 29. Qh3 Kf8 30. h5 Ke7 31. hxg6 Qxg6 32. Kc1 Rh8 33. Qa3 Kd7 34.
Ne4 Qh6+ 35. Kb1 Bxe4+ 36. Rxe4 Kc6 37. d5+ exd5 38. Reg4 Qh7 39. Ka2 Rag8 40.
Qf3 Rxg4 41. Rxg4 Qh5 42. e6 Rg8 43. e7 Re8 44. Qf4 Rxe7 45. Rg5 Re4 46. Qxe4
Qxg5 47. Qe8+ Kxc5 48. Qc8+ Kd6 49. Qxa6+ Ke7 50. Bf6+ Qxf6 51. Qxf6+ Kxf6 52.
a6 Nd6 53. a7 Ke5 54. a8=Q f5 55. Qh8+ Ke4 56. f3+ Kxf3 57. Qe5 Ne4 58. Qxf5+
Ke3 59. Kb3 d4 60. Qh3+ Ke2 61. Kc2 Nf2 62. Qh5+ Ke3 63. Qe5+ Ne4 64. Qxb5 Nf2
65. Qg5+ Kf3 66. Qf6+ Ke3 67. Qh6+ Kf3 68. Kd2 Ne4+ 69. Kd3 Ng3 70. Qf6+ Kg4
71. Kxd4 Ne2+ 72. Ke3 Ng3 73. Qf4+ Kh3 74. Kf3 1-0

[Event "Waikato Open 2017"]
[Site "Hamilton NZL"]
[Date "2017.08.11"]
[Round "1"]
[White "Picken, Oliver"]
[Black "Polishchuk, Kirill"]
[Result "0-1"]
[WhiteElo "1866"]
[BlackElo "2132"]
[PlyCount "90"]
[EventDate "2017.08.11"]

1. e4 Nc6 2. Nf3 d6 3. d4 Nf6 4. Nc3 g6 5. Be3 Bg7 6. Qd2 Ng4 7. Bf4 e5 8. dxe5
Ngxe5 9. Nxe5 dxe5 10. Qxd8+ Nxd8 11. Be3 c6 12. O-O-O Ne6 13. a4 O-O 14. Bc4
Nd4 15. Ne2 b5 16. Bxd4 exd4 17. axb5 c5 18. h3 Rb8 19. Rd3 Bd7 20. Ra3 Bxb5
21. Bxb5 Rxb5 22. Rxa7 Rfb8 23. Ra2 Re8 24. Ng3 h5 25. h4 Reb8 26. Nf1 c4 27.
f4 c3 28. bxc3 Rb1+ 29. Kd2 dxc3+ 30. Kd3 Rd8+ 31. Ke3 Rdd1 32. e5 Bf8 33. Ra8
Rdc1 34. Rc8 Rxc2 35. Kd3 Rcc1 36. f5 Rxf1 37. Rxf1 Rxf1 38. fxg6 fxg6 39. Rxc3
Re1 40. Kd4 Rxe5 41. Kxe5 Bg7+ 42. Kf4 Bxc3 43. g4 Bd2+ 44. Kf3 hxg4+ 45. Kxg4
Kh7 0-1

[Event "Waikato Open 2017"]
[Site "Hamilton NZL"]
[Date "2017.08.11"]
[Round "1"]
[White "Timergazi, Layla"]
[Black "Punsalan, Vyanla M"]
[Result "1/2-1/2"]
[WhiteElo "2073"]
[BlackElo "1854"]
[PlyCount "99"]
[EventDate "2017.08.11"]

1. d4 f5 2. c4 g6 3. Nc3 Nf6 4. h4 h6 5. h5 g5 6. Nf3 d6 7. e3 Bg7 8. Bd3 O-O
9. Qc2 Ng4 10. e4 Nc6 11. exf5 Nb4 12. Qe2 Nxd3+ 13. Qxd3 Bxf5 14. Qe2 e5 15.
dxe5 dxe5 16. Ne4 Qd7 17. O-O Rad8 18. Bd2 Qf7 19. Bb4 Rfe8 20. Rfd1 Rd4 21.
Ng3 Rxc4 22. Bc3 Rc5 23. Rac1 c6 24. b4 Rd5 25. Rxd5 cxd5 26. Be1 Bc8 27. Qb5
e4 28. Rc7 Qxc7 29. Qxe8+ Bf8 30. Nd4 Qd7 31. Qxd7 Bxd7 32. Bc3 Kf7 33. Ndf5
Nf6 34. Nd4 a6 35. f3 g4 36. fxe4 Nxe4 37. Nxe4 dxe4 38. Kf2 Be6 39. Ke3 Bg7
40. Kxe4 Bxd4 41. Bxd4 Bxa2 42. Be3 Kf6 43. Bxh6 Bf7 44. g3 Bxh5 45. Kd5 Kf5
46. Bf4 Be8 47. Bc7 Bc6+ 48. Kd4 Ke6 49. Kc5 Kd7 50. Bf4 1/2-1/2

[Event "Waikato Open 2017"]
[Site "Hamilton NZL"]
[Date "2017.08.11"]
[Round "1"]
[White "Lynn, K William"]
[Black "Li, Shenyue (Sherry)"]
[Result "0-1"]
[WhiteElo "1845"]
[BlackElo "2038"]
[PlyCount "54"]
[EventDate "2017.08.11"]

1. e4 c5 2. Nc3 Nc6 3. g4 g6 4. d3 Bg7 5. h4 e6 6. Bg2 Nge7 7. f4 d5 8. e5 f6
9. exf6 Bxf6 10. Nf3 O-O 11. h5 e5 12. hxg6 hxg6 13. Nxe5 Nxe5 14. fxe5 Bxe5
15. Rh3 Qd6 16. Bf3 Bg3+ 17. Ke2 Bxg4 18. Bxg4 Qe5+ 19. Ne4 dxe4 20. Be3 Nd5
21. Rxg3 Qxg3 22. Be6+ Kg7 23. Bh6+ Kxh6 24. Qh1+ Kg7 25. Bxd5 Rf2+ 26. Kd1
Qg4+ 27. Kc1 Qf4+ 0-1

[Event "Waikato Open 2017"]
[Site "Hamilton NZL"]
[Date "2017.08.11"]
[Round "1"]
[White "Mistry, Prashant"]
[Black "Seabrook, Roy"]
[Result "0-1"]
[WhiteElo "2006"]
[BlackElo "1814"]
[PlyCount "134"]
[EventDate "2017.08.11"]

1. e4 Nc6 2. Nf3 d6 3. d4 g6 4. Bc4 Bg7 5. c3 Nf6 6. Qe2 O-O 7. Bb3 Bg4 8. h3
Bxf3 9. Qxf3 e5 10. d5 Ne7 11. g4 c6 12. c4 cxd5 13. cxd5 Rc8 14. Nc3 a6 15. h4
Qd7 16. Bg5 Ne8 17. Na4 Qd8 18. Nb6 Rc5 19. Na4 Rb5 20. O-O f6 21. Bd2 f5 22.
Bc4 fxe4 23. Qxe4 Nf6 24. Qg2 Nfxd5 25. Nc3 Rxb2 26. Bg5 Bf6 27. Bxf6 Rxf6 28.
Bxd5+ Kg7 29. Rad1 Qa5 30. Qg3 Rf4 31. Bb3 Qb4 32. f3 Qxc3 33. Qe1 Qxe1 34.
Rdxe1 Rd2 35. Re4 Rd4 36. Rxf4 Rxf4 37. Rd1 Rd4 38. Rxd4 exd4 39. Kf2 Kf6 40.
f4 h6 41. Ke2 g5 42. fxg5+ hxg5 43. h5 b6 44. Kd3 Nc6 45. Bd1 Nb4+ 46. Kxd4
Nxa2 47. Be2 b5 48. Bd3 Kg7 49. Bf5 Nb4 50. Bd7 Kf6 51. Be8 Ke7 52. h6 Kf6 53.
Ke4 d5+ 54. Kd4 Nc2+ 55. Kd3 Na3 56. Kd4 b4 57. Ba4 Kg6 58. Kxd5 Kxh6 59. Kc5
a5 60. Kb6 Nc4+ 61. Kb5 Nd2 62. Kxa5 b3 63. Kb4 b2 64. Bc2 b1=Q+ 65. Bxb1 Nxb1
66. Kc4 Kg6 67. Kd4 Kf6 0-1

[Event "Waikato Open 2017"]
[Site "Hamilton NZL"]
[Date "2017.08.11"]
[Round "1"]
[White "Nolan, Graham"]
[Black "Burns, Christopher J"]
[Result "0-1"]
[WhiteElo "1663"]
[BlackElo "1969"]
[PlyCount "68"]
[EventDate "2017.08.11"]

1. c4 e5 2. Nc3 Nf6 3. g3 d6 4. Bg2 c6 5. e3 Be6 6. d3 Nbd7 7. Nge2 g6 8. O-O
Bg7 9. b4 Rc8 10. Rb1 b6 11. Ba3 O-O 12. Qa4 Qc7 13. Rfc1 Rfd8 14. b5 c5 15.
Bb2 g5 16. Qc2 Nf8 17. Ne4 Nxe4 18. dxe4 g4 19. Rf1 Ng6 20. Rbd1 h5 21. f4 gxf3
22. Bxf3 h4 23. Bh5 Qe7 24. Rf2 Qg5 25. Bxg6 fxg6 26. Qc3 Rc7 27. Kh1 Kh7 28.
Rg1 Qg4 29. Qd3 Rf7 30. h3 Rxf2 31. hxg4 Bxg4 32. Re1 Bf3+ 33. Kg1 Rg2+ 34. Kf1
h3 0-1